02343nam a2200421 a 450000500170000000800410001702000180005804100080007609200170008424500720010125002730017326000510044630000530049750001290055059000300067965300430070965300620075265300300081465300310084465300160087565300320089165300290092365300390095265300430099170000330103470000300106770000350109770000340113270000340116670000350120070000330123594200120126899900130128095201180129395201170141195201850152895202080171320240508095911.0100309s2009||||sp il. f |||| 001 0 spa d a9789701066751 aspa c616l32sHAR aHarrison. Principios de Medicina Interna. bT.1 /cEugene Braunwald a17a ed. en español de la versión original en inglésbTraducción Martha Elena Araiza Martinez ; José Rafael Blengio Pinto ; Germán Arias Rebatet ; José Luis González Hernández. Traducción de capitulos electrónicos: Juan Antonio Puerto Sebastián  aMéxico: bMcGraw-Hill Interamericana;c2009. a1-1364 p.bApendice de Acrónimos.eIncluye DVD aBraunwald, E. et al. (2009). Harrison. Principios de medicina interna. T.1 (17a ed.). México : McGraw-Hill Interamericana. aDonación CEM, Mayo 2011 aIntroducción a la medicina clínica aSintomas principales y cuadro inicial de las enfermedades aGenética y enfermedades aMedicina de regeneración aNutrición aOncología y hematología aEnfermedades infecciosas aBioterrorismo y medicina clínica aCapitulos electrónicos: (ver CD-790)1 aFauci, Anthony SeEditor9901 aLongo, Dan L.eEditor9911 aHauser, Stephen L.eEditor9921 aJameson, J. LarryeEditor9931 aKasper, Dennis L.eEditor9941 aBraundwald, EugeneeEditor9951 aLoscalzo, JosepheEditor996 2ddccBK c865d865 00102ddc4070aBFMbBFMcCRd2011-07-05l70m3o616 32 HAR p2331r2017-04-19s2017-04-17tej.5w2011-07-05yBK 00102ddc4070aBFMbBFMcCRd2011-07-05l51m3o616 32 HARp2333r2018-06-18s2018-06-14tej.6w2011-07-05yBK 00102ddc4070aBFMbBFMcCRd2019-04-09eDonación Fernandez, Eliana. Abril 2019l0o616 32 HARp4419r2019-04-09tEj.9w2019-04-09yBKzDonación Fernandez, Eliana. Abril 2019 00102ddc4070aBFMbBFMcCRd2022-09-06eDonación Toloza, Daniela; septiembre 2022.l2o616 32 HARp4790r2023-06-22s2023-06-15tEj.10w2022-09-06yBKzDonación Toloza, Daniela; septiembre 2022.f